000 00556nam a2200193Ia 4500
005 20250508164834.0
008 008 250505s9999 xx 000 0 eng d
037 _aDissertations
040 _aFEDL
_beng
_cFEDL
041 _aeng
_2eng
084 _a420.7, MAN/DI
_qFEDL
100 _aManish Kumar
245 0 _aEnglish as a transformative tool - The journey of jagriti school
260 _c2009
300 _a117p.
546 _aM.Ed. Dissertation, (Delhi University)
942 _cDIS
_h420.7, MAN/DI
999 _c1391501
_d1391501